[Event "zonal 1.3"]
[Site "Ostersund SWE"]
[Date "1992.??.??"]
[Round "1"]
[White "Agdestein, Simen"]
[Black "Hellers, Ferdinand"]
[Result "0-1"]
[WhiteElo "2620"]
[BlackElo "2500"]
[EventDate "1992.07.27"]
[PlyCount "50"]

1.c4 Nf6 2.Nc3 g6 3.g3 c6 4.d4 d5 5.Bg2 dxc4 6.e4 Bg7 7.Nge2 O-O 8.O-O Na6
9.h3 c5 10.d5 e6 11.dxe6 Bxe6 12.e5 Nd7 13.f4 Nb4 14.g4 f5 15.exf6 Nxf6 
16.Bxb7 Rb8 17.Qxd8 Rfxd8 18.Bg2 Nd3 19.Rd1 Nd5 20.Rd2 N5xf4 21.Nxf4 Bd4+ 
22.Kh2 Nxf4 23.Ne2 Nxe2 24.Rxe2 Bf7 25.Re7 c3 0-1

[Event "zonal 1.3"]
[Site "Ostersund SWE"]
[Date "1992.??.??"]
[Round "1"]
[White "Cramling, Pia"]
[Black "Tisdall, Jonathan"]
[Result "1/2-1/2"]
[WhiteElo "2530"]
[BlackElo "2435"]
[EventDate "1992.07.27"]
[PlyCount "124"]

1.d4 Nf6 2.c4 e6 3.Nf3 c5 4.d5 b5 5.Bg5 Qa5+ 6.Qd2 Qxd2+ 7.Nbxd2 Na6 8.Rc1
bxc4 9.Bxf6 gxf6 10.e4 Rb8 11.Rb1 Nc7 12.Bxc4 Bb7 13.dxe6 fxe6 14.O-O Bc6 
15.Rfe1 Rg8 16.Bf1 Nb5 17.Nb3 Rg4 18.Nfd2 Nd4 19.Nxd4 cxd4 20.f3 Rg5 21.
Nb3 Rb4 22.Rbc1 Bd6 23.Rc4 a5 24.Rd1 Rxc4 25.Bxc4 Ba4 26.Rd3 Bxb3 27.Bxb3 
Bf4 28.Kf1 Be3 29.g3 Rb5 30.a4 Rc5 31.Rd1 Ke7 32.Ke2 Rh5 33.h4 Rc5 34.f4 
Rc8 35.Kf3 Rb8 36.Rd3 Rb4 37.f5 Bc1 38.fxe6 dxe6 39.e5 fxe5 40.Ke4 Kd6 41.
Bd1 Rxb2 42.Rb3 Rg2 43.Rb6+ Kd7 44.Kxe5 Rxg3 45.Rd6+ Kc7 46.Rxd4 Bb2 47.
Kf4 Rh3 48.Rc4+ Kd6 49.Kg4 Re3 50.Bf3 Be5 51.Be4 h6 52.Kh5 Bf4 53.Bg6 Re5+
54.Kg4 Bh2 55.Rd4+ Ke7 56.Be4 Rc5 57.Bd3 Bg1 58.Rc4 Rd5 59.Be4 Re5 60.Kf4 
Rh5 61.Kg4 Re5 62.Kf4 Kf6 1/2-1/2

[Event "zonal 1.3"]
[Site "Ostersund SWE"]
[Date "1992.??.??"]
[Round "1"]
[White "Manninen, Marko"]
[Black "Hansen, Lars Bo"]
[Result "0-1"]
[WhiteElo "2420"]
[BlackElo "2530"]
[EventDate "1992.07.27"]
[PlyCount "45"]

1.d4 d5 2.c4 c6 3.Nf3 Nf6 4.Nc3 e6 5.Bg5 h6 6.Bh4 dxc4 7.e4 g5 8.Bg3 b5 9.
Ne5 h5 10.f3 h4 11.Bf2 Bb7 12.Be3 Nfd7 13.Nxd7 Nxd7 14.Qd2 Be7 15.Be2 Rg8 
16.g3 Qc7 17.Bf2 a6 18.Rg1 O-O-O 19.O-O-O c5 20.gxh4 cxd4 21.Bxd4 Nc5 22.
Qc2 gxh4 23.e5 0-1

[Event "zonal 1.3"]
[Site "Ostersund SWE"]
[Date "1992.??.??"]
[Round "1"]
[White "Olafsson, Helgi"]
[Black "Hjartarson, Johann"]
[Result "1/2-1/2"]
[WhiteElo "2495"]
[BlackElo "2595"]
[EventDate "1992.07.27"]
[PlyCount "27"]

1.d4 Nf6 2.c4 e6 3.Nc3 Bb4 4.Qc2 c5 5.dxc5 O-O 6.a3 Bxc5 7.Nf3 b6 8.Bg5 
Bb7 9.e4 h6 10.Bh4 Be7 11.Be2 d6 12.Rd1 Nbd7 13.O-O Qc7 14.Nd4 1/2-1/2

[Event "zonal 1.3"]
[Site "Ostersund SWE"]
[Date "1992.??.??"]
[Round "2"]
[White "Gausel, Einar"]
[Black "Agdestein, Simen"]
[Result "1/2-1/2"]
[WhiteElo "2485"]
[BlackElo "2620"]
[EventDate "1992.07.27"]
[PlyCount "64"]

1.Nf3 e6 2.c4 Nf6 3.Nc3 Bb4 4.g3 O-O 5.Bg2 d5 6.d4 dxc4 7.O-O Bd7 8.Ne5 
Bc6 9.e4 Bxc3 10.Nxc6 Nxc6 11.bxc3 e5 12.d5 Na5 13.f4 Nd7 14.Bh3 b6 15.
Bxd7 Qxd7 16.fxe5 Rfe8 17.Bf4 Rad8 18.Qh5 Nb7 19.Qh4 Rc8 20.Rf3 Nc5 21.
Raf1 Nd3 22.Qh5 c6 23.g4 g6 24.Qh4 cxd5 25.exd5 Qxd5 26.Rh3 h5 27.gxh5 
Nxf4 28.Qxf4 Rxe5 29.hxg6 Rg5+ 30.Rg3 Rxg6 31.Rxg6+ fxg6 32.Qf6 Qc5+ 
1/2-1/2

[Event "zonal 1.3"]
[Site "Ostersund SWE"]
[Date "1992.??.??"]
[Round "2"]
[White "Hansen, Lars Bo"]
[Black "Karlsson, Lars"]
[Result "1/2-1/2"]
[WhiteElo "2530"]
[BlackElo "2480"]
[EventDate "1992.07.27"]
[PlyCount "48"]

1.d4 e6 2.Nf3 f5 3.g3 Nf6 4.Bg2 d5 5.O-O Bd6 6.c4 O-O 7.b3 a5 8.Nc3 c6 9.
Bb2 Nbd7 10.e3 Ne4 11.Ne2 b6 12.Ne5 Bb7 13.Nf4 Qe7 14.f3 Nef6 15.Rc1 Rac8 
16.Re1 Rfd8 17.Qe2 c5 18.Kh1 Bb8 19.Nxd7 Nxd7 20.dxc5 Nxc5 21.Ba3 dxc4 22.
Qxc4 Bxf4 23.Qxf4 Rd2 24.e4 Qd7 1/2-1/2

[Event "zonal 1.3"]
[Site "Ostersund SWE"]
[Date "1992.??.??"]
[Round "2"]
[White "Hellers, Ferdinand"]
[Black "Ernst, Thomas"]
[Result "1-0"]
[WhiteElo "2510"]
[BlackElo "2540"]
[EventDate "1992.07.27"]
[PlyCount "85"]

1.e4 c5 2.Nf3 d6 3.d4 cxd4 4.Nxd4 Nf6 5.Nc3 g6 6.Be3 Bg7 7.f3 Nc6 8.Bc4 
Qb6 9.Nf5 Qxb2 10.Nxg7+ Kf8 11.Nd5 Kxg7 12.Rb1 Qa3 13.Qd2 h5 14.O-O Qa5 
15.c3 Nxd5 16.exd5 Ne5 17.Bd4 f6 18.Rfe1 Nxc4 19.Rxe7+ Kf8 20.Qf4 Bf5 21.
Rbxb7 Ne5 22.Be3 Kg8 23.Rg7+ Kf8 24.Rge7 Kg8 25.Rg7+ Kf8 26.Rxg6 Qxd5 27.
Rxf6+ Ke8 28.Qxf5 Qxb7 29.Re6+ Kd8 30.Bg5+ Kc7 31.Re7+ Kb8 32.Rxb7+ Kxb7 
33.Be7 Rac8 34.Bxd6 Nc4 35.Be5 Nb6 36.Bd4 Rh6 37.h4 Rc7 38.Kh2 Rhh7 39.Kh3
Rce7 40.a4 Kc7 41.a5 Nc8 42.Bc5 Nd6 43.Qg6 1-0

[Event "zonal 1.3"]
[Site "Ostersund SWE"]
[Date "1992.??.??"]
[Round "2"]
[White "Hjartarson, Johann"]
[Black "Cramling, Pia"]
[Result "1-0"]
[WhiteElo "2595"]
[BlackElo "2530"]
[EventDate "1992.07.27"]
[PlyCount "89"]

1.d4 Nf6 2.c4 c5 3.d5 b5 4.cxb5 a6 5.bxa6 g6 6.Nc3 Bxa6 7.Nf3 d6 8.e4 Bxf1
9.Kxf1 Bg7 10.h3 O-O 11.Kg1 Na6 12.Kh2 Qb6 13.Qe2 Nb4 14.a4 e6 15.Rd1 exd5
16.exd5 Rfe8 17.Qc4 Qa6 18.Qh4 Qc8 19.Bh6 Bh8 20.Rac1 Qf5 21.Qf4 Qd7 22.
Bg5 Nh5 23.Qd2 Nf6 24.Qf4 Nh5 25.Qg4 f5 26.Qc4 Bg7 27.Re1 f4 28.Re6 h6 29.
Bh4 g5 30.Bxg5 hxg5 31.Nxg5 Rxe6 32.dxe6 Qc6 33.Rd1 Bd4 34.Qe2 Nf6 35.Nce4
Nxe4 36.Nxe4 Ra7 37.Rxd4 cxd4 38.Qg4+ Rg7 39.Nf6+ Kf8 40.e7+ Kxe7 41.Qxg7+
Kd8 42.Qh8+ Ke7 43.Ng8+ Kf7 44.Qh7+ Kf8 45.Ne7 1-0

[Event "zonal 1.3"]
[Site "Ostersund SWE"]
[Date "1992.??.??"]
[Round "2"]
[White "Hoi, Carsten"]
[Black "Arnason, Jon"]
[Result "0-1"]
[WhiteElo "2445"]
[BlackElo "2525"]
[EventDate "1992.07.27"]
[PlyCount "82"]

1.d4 Nf6 2.Nf3 e6 3.e3 b6 4.Bd3 Bb7 5.O-O a6 6.c4 d5 7.cxd5 exd5 8.b3 Bd6 
9.Bb2 O-O 10.Ne5 Re8 11.Nd2 Nbd7 12.f4 Nf8 13.a3 Re7 14.b4 c5 15.dxc5 bxc5
16.Ndf3 cxb4 17.axb4 Bxb4 18.Nd4 Rc7 19.Qf3 Ne4 20.Bxe4 dxe4 21.Qg3 Bc3 
22.Bxc3 Rxc3 23.Nf5 Ng6 24.Rad1 Qf6 25.Nd6 Rc7 26.Nec4 Qh4 27.Qxh4 Nxh4 
28.Na5 Bc8 29.f5 Rd7 30.Nc6 Kf8 31.Nc4 Rxd1 32.Rxd1 Bxf5 33.Nd6 Be6 34.
Nxe4 Nf5 35.Kf2 Rc8 36.Nd8 Rc2+ 37.Kf3 Bc4 38.Rb1 Bd5 39.Kf4 Ne7 40.Rb8 
Ng6+ 41.Kf3 f5 0-1

[Event "zonal 1.3"]
[Site "Ostersund SWE"]
[Date "1992.??.??"]
[Round "2"]
[White "Tisdall, Jonathan"]
[Black "Petursson, Margeir"]
[Result "1/2-1/2"]
[WhiteElo "2435"]
[BlackElo "2565"]
[EventDate "1992.07.27"]
[PlyCount "63"]

1.Nf3 d5 2.d4 Nf6 3.c4 c6 4.Nc3 dxc4 5.e3 b5 6.a4 b4 7.Nb1 Ba6 8.Be2 e6 9.
O-O Be7 10.Nbd2 c3 11.bxc3 Bxe2 12.Qxe2 bxc3 13.Nb1 Nbd7 14.Nxc3 c5 15.e4 
cxd4 16.Nxd4 Rc8 17.Ncb5 Bc5 18.e5 Nd5 19.Nd6+ Bxd6 20.exd6 O-O 21.Ba3 Qh4
22.Qd2 N5b6 23.Rfd1 Rfd8 24.Qa5 Rc4 25.Bb2 Qe4 26.Qg5 f6 27.Qg3 Nf8 28.Re1
Qd5 29.Nb5 Qf5 30.Nd4 Qd5 31.Nb5 Qf5 32.Nd4 1/2-1/2

[Event "zonal 1.3"]
[Site "Ostersund SWE"]
[Date "1992.??.??"]
[Round "3"]
[White "Agdestein, Simen"]
[Black "Yrjola, Jouni"]
[Result "1-0"]
[WhiteElo "2620"]
[BlackElo "2460"]
[EventDate "1992.07.27"]
[PlyCount "63"]

1.d4 Nf6 2.c4 g6 3.Nc3 Bg7 4.g3 d5 5.cxd5 Nxd5 6.Bg2 Nb6 7.Nf3 Nc6 8.e3 
O-O 9.O-O e5 10.d5 Na5 11.e4 c6 12.Nd2 cxd5 13.exd5 f5 14.Nb3 Nac4 15.a4 
e4 16.a5 Nd7 17.f3 exf3 18.Rxf3 Nde5 19.Rf2 Kh8 20.h3 Qe7 21.Re2 Bd7 22.
Kh1 Rae8 23.Nd4 Qb4 24.a6 Nd6 25.Ne6 Bxe6 26.dxe6 Rxe6 27.Ra4 Qb6 28.Be3 
Qc7 29.axb7 Nxb7 30.Rxa7 Rd6 31.Qb3 Nc5 32.Qa3 1-0

[Event "zonal 1.3"]
[Site "Ostersund SWE"]
[Date "1992.??.??"]
[Round "3"]
[White "Arnason, Jon"]
[Black "Hellers, Ferdinand"]
[Result "1/2-1/2"]
[WhiteElo "2525"]
[BlackElo "2500"]
[EventDate "1992.07.27"]
[PlyCount "40"]

1.e4 c5 2.Nf3 d6 3.d4 cxd4 4.Nxd4 Nf6 5.Nc3 a6 6.Be3 e5 7.Nf3 Qc7 8.a4 Be7
9.a5 O-O 10.Be2 Nc6 11.Bb6 Qd7 12.Ra4 Bd8 13.Bxd8 Qxd8 14.Nd5 Nxd5 15.exd5
Ne7 16.O-O Ng6 17.Re1 Nf4 18.Bf1 Bg4 19.Ra3 Rc8 20.c4 f5 1/2-1/2

[Event "zonal 1.3"]
[Site "Ostersund SWE"]
[Date "1992.??.??"]
[Round "3"]
[White "Manninen, Marko"]
[Black "Gausel, Einar"]
[Result "1-0"]
[WhiteElo "2420"]
[BlackElo "2485"]
[EventDate "1992.07.27"]
[PlyCount "105"]

1.d4 Nf6 2.c4 e6 3.Nf3 c5 4.d5 b5 5.Bg5 Qa5+ 6.Nc3 Ne4 7.Bd2 Nxd2 8.Qxd2 
b4 9.Ne4 Be7 10.Ng3 d6 11.e4 O-O 12.Bd3 exd5 13.exd5 Bg4 14.Qf4 Bxf3 15.
gxf3 Qd8 16.Nf5 g6 17.Rg1 Nd7 18.O-O-O Kh8 19.Nxd6 Bf6 20.Ne4 Be5 21.Qh6 
f5 22.Ng5 Bf4+ 23.Kb1 Bxg5 24.Qxg5 Qxg5 25.Rxg5 Rfe8 26.h3 a5 27.Rgg1 a4 
28.Rge1 Kg7 29.Bc2 Nb6 30.b3 axb3 31.Bxb3 Kf6 32.f4 Rad8 33.Kc2 g5 34.
fxg5+ Kxg5 35.Rg1+ Kf6 36.Rge1 f4 37.Kd3 Nd7 38.Rxe8 Rxe8 39.Ba4 Ne5+ 40.
Ke4 Ra8 41.Bb3 Ng6 42.d6 Ke6 43.d7 Rd8 44.Ba4 Ne5 45.Rd5 Nxc4 46.Rxc5 Nd6+
47.Kxf4 Rf8+ 48.Ke3 Nf5+ 49.Kd3 Ne7 50.f4 Kd6 51.Rc4 Rd8 52.Ke4 Ke6 53.
Rxb4 1-0

[Event "zonal 1.3"]
[Site "Ostersund SWE"]
[Date "1992.??.??"]
[Round "3"]
[White "Olafsson, Helgi"]
[Black "Tisdall, Jonathan"]
[Result "1-0"]
[WhiteElo "2495"]
[BlackElo "2435"]
[EventDate "1992.07.27"]
[PlyCount "79"]

1.Nf3 Nf6 2.d4 e6 3.c4 c5 4.Nc3 cxd4 5.Nxd4 Bb4 6.g3 O-O 7.Bg2 d5 8.Qb3 
Bxc3+ 9.Qxc3 e5 10.Nb3 d4 11.Qa5 Qe7 12.O-O Nc6 13.Qc5 Qe6 14.f4 Nd7 15.
Qd5 Nb6 16.Qxe6 Bxe6 17.fxe5 Nxc4 18.Nc5 Bg4 19.Nxb7 N4xe5 20.Rf2 Rab8 21.
Bf4 Rxb7 22.Bxe5 Rb5 23.Bd6 Rc8 24.Rc1 Nd8 25.Rxc8 Bxc8 26.b3 Bb7 27.Bh3 
Rd5 28.Bf4 Ne6 29.Bd2 Re5 30.b4 Ba6 31.Bg4 h5 32.Bf3 Ng5 33.Bxg5 Rxg5 34.
Rf1 h4 35.Rc1 hxg3 36.hxg3 d3 37.exd3 Bxd3 38.Kf2 a5 39.Rc8+ Kh7 40.Rc5 
1-0

[Event "zonal 1.3"]
[Site "Ostersund SWE"]
[Date "1992.??.??"]
[Round "3"]
[White "Petursson, Margeir"]
[Black "Hoi, Carsten"]
[Result "1/2-1/2"]
[WhiteElo "2565"]
[BlackElo "2445"]
[EventDate "1992.07.27"]
[PlyCount "68"]

1.c4 g6 2.d4 Bg7 3.Nc3 d6 4.e4 Nc6 5.d5 Nd4 6.Be3 c5 7.Nge2 Qb6 8.Na4 Qa5+
9.Bd2 Qd8 10.Nxd4 Bxd4 11.Bc3 Bxc3+ 12.Nxc3 Nf6 13.Be2 O-O 14.O-O a6 15.f4
Qc7 16.Qd2 Bd7 17.Qe3 b5 18.e5 Ne8 19.e6 fxe6 20.dxe6 Bc6 21.f5 gxf5 22.
Qg5+ Kh8 23.Bf3 Nf6 24.b3 b4 25.Nd5 Bxd5 26.Bxd5 Rg8 27.Qxf5 Raf8 28.Qd3 
Qc8 29.a3 a5 30.axb4 axb4 31.Ra8 Qc7 32.Ra2 Qc8 33.Ra8 Qc7 34.Ra2 Qc8 
1/2-1/2

[Event "zonal 1.3"]
[Site "Ostersund SWE"]
[Date "1992.??.??"]
[Round "4"]
[White "Hellers, Ferdinand"]
[Black "Karlsson, Lars"]
[Result "1/2-1/2"]
[WhiteElo "2500"]
[BlackElo "2480"]
[EventDate "1992.07.27"]
[PlyCount "80"]

1.e4 c5 2.Nf3 Nc6 3.d4 cxd4 4.Nxd4 g6 5.Nc3 Nf6 6.Nxc6 dxc6 7.Qxd8+ Kxd8 
8.Bc4 Ke8 9.e5 Nd7 10.f4 Nc5 11.Be3 Be6 12.Bxe6 Nxe6 13.O-O-O Bg7 14.g3 b6
15.Rd3 Rd8 16.Rhd1 Rxd3 17.Rxd3 f6 18.exf6 exf6 19.Ne4 f5 20.Nd2 Bf8 21.
Nc4 Rg8 22.Ne5 Nd8 23.Nd7 Be7 24.a4 Rg7 25.a5 bxa5 26.Bd4 Rf7 27.Ne5 Rf6 
28.Bxa7 Re6 29.Bb6 Nb7 30.Rc3 c5 31.Bc7 Bd8 32.Bxd8 Kxd8 33.Rd3+ Kc8 34.
Rd5 Rd6 35.Rxd6 Nxd6 36.Kd2 Kc7 37.Kc3 a4 38.Nf3 Kc6 39.Ng5 h6 40.Nf3 Kd5 
1/2-1/2

[Event "zonal 1.3"]
[Site "Ostersund SWE"]
[Date "1992.??.??"]
[Round "4"]
[White "Hjartarson, Johann"]
[Black "Arnason, Jon"]
[Result "1/2-1/2"]
[WhiteElo "2595"]
[BlackElo "2525"]
[EventDate "1992.07.27"]
[PlyCount "60"]

1.Nf3 c5 2.c4 Nf6 3.Nc3 Nc6 4.g3 d5 5.d4 cxd4 6.Nxd4 dxc4 7.Nxc6 Qxd1+ 8.
Nxd1 bxc6 9.Bg2 Nd5 10.Ne3 Ba6 11.Nxd5 cxd5 12.Bxd5 Rc8 13.Bd2 e6 14.Be4 
Bc5 15.Bc3 f6 16.e3 Ke7 17.O-O-O Bb5 18.h4 h5 19.Rd2 Ba4 20.Bf3 Bc6 21.
Bxc6 Rxc6 22.Rhd1 Rd6 23.Bd4 Bxd4 24.Rxd4 Rhd8 25.Rxd6 Rxd6 26.Rg1 f5 27.
Re1 Rd3 28.Kc2 Kd6 29.Rd1 Rxd1 30.Kxd1 Kd5 1/2-1/2

[Event "zonal 1.3"]
[Site "Ostersund SWE"]
[Date "1992.??.??"]
[Round "4"]
[White "Manninen, Marko"]
[Black "Ernst, Thomas"]
[Result "0-1"]
[WhiteElo "2420"]
[BlackElo "2570"]
[EventDate "1992.07.27"]
[PlyCount "104"]

1.d4 Nf6 2.c4 e6 3.Nf3 c5 4.d5 b5 5.Bg5 Qa5+ 6.Nc3 Ne4 7.Bd2 Nxd2 8.Qxd2 
b4 9.Ne4 Be7 10.Ng3 d6 11.e4 Nd7 12.dxe6 fxe6 13.e5 Nxe5 14.Nxe5 dxe5 15.
Bd3 O-O 16.O-O g6 17.Rfe1 Qc7 18.Qe3 Bd7 19.Qxe5 Qxe5 20.Rxe5 Rad8 21.Re2 
Bc8 22.Be4 Rd4 23.b3 Rfd8 24.Bc2 Kf7 25.Rae1 a5 26.Ne4 a4 27.f4 a3 28.g3 
Bb7 29.Kf2 Bc8 30.Ke3 e5 31.fxe5 Ke6 32.Kf2 Bb7 33.Kg1 Rf8 34.Nf6 Bxf6 35.
exf6+ Kxf6 36.Rf2+ Kg7 37.Re7+ Kg8 38.Rxf8+ Kxf8 39.Rxb7 Rd2 40.Be4 Rxa2 
41.Ra7 Rb2 42.Rxh7 Rxb3 43.Bxg6 a2 44.Rf7+ Kg8 45.Rf1 Kg7 46.Ra1 Rb2 47.
Bd3 b3 48.Rd1 Rd2 49.Rxd2 a1=Q+ 50.Kf2 b2 51.Ke2 b1=Q 52.Bxb1 Qxb1 0-1

[Event "zonal 1.3"]
[Site "Ostersund SWE"]
[Date "1992.??.??"]
[Round "4"]
[White "Westerinen, Heikki"]
[Black "Tisdall, Jonathan"]
[Result "0-1"]
[WhiteElo "2390"]
[BlackElo "2435"]
[EventDate "1992.07.27"]
[PlyCount "76"]

1.e4 c5 2.Nf3 d6 3.d4 cxd4 4.Nxd4 Nf6 5.Nc3 a6 6.a4 e6 7.Bd3 Nc6 8.Be3 Be7
9.O-O O-O 10.Kh1 Qc7 11.f4 Nxd4 12.Bxd4 e5 13.Be3 exf4 14.Rxf4 Be6 15.Nd5 
Bxd5 16.exd5 g6 17.c4 Nd7 18.Bd4 a5 19.Qc2 Rae8 20.Raf1 Ne5 21.h3 Bg5 22.
Re4 b6 23.Qc3 Bh6 24.Bc2 Qxc4 25.Rfe1 Qxd5 26.Bxe5 Rxe5 27.Rxe5 dxe5 28.
Rxe5 Qd7 29.Qe1 Bg7 30.Re7 Qd5 31.b3 Bf6 32.Re8 Rxe8 33.Qxe8+ Kg7 34.Qe4 
Qd2 35.Qd3 Qe1+ 36.Kh2 Be5+ 37.g3 Qf2+ 38.Kh1 Bxg3 0-1

[Event "zonal 1.3"]
[Site "Ostersund SWE"]
[Date "1992.??.??"]
[Round "5"]
[White "Arnason, Jon"]
[Black "Larsen, Bent"]
[Result "1/2-1/2"]
[WhiteElo "2525"]
[BlackElo "2565"]
[EventDate "1992.07.27"]
[PlyCount "88"]

1.e4 c5 2.Nf3 Nc6 3.d4 cxd4 4.Nxd4 g6 5.c4 Bg7 6.Be3 Nf6 7.Nc3 O-O 8.Be2 
d6 9.O-O Bd7 10.Qd2 Nxd4 11.Bxd4 Bc6 12.f3 a5 13.b3 Nd7 14.Bf2 Nc5 15.Rab1
Qb6 16.a3 Qd8 17.b4 axb4 18.axb4 Na4 19.Nxa4 Rxa4 20.Rfc1 Qa8 21.Rc2 Rc8 
22.Bf1 h5 23.h3 Bd7 24.c5 Be6 25.Bb5 Ra3 26.cxd6 Rxc2 27.Qxc2 exd6 28.f4 
Ra2 29.Qd3 d5 30.Rd1 dxe4 31.Qxe4 Ra1 32.Rxa1 Qxa1+ 33.Kh2 Qa2 34.Qe2 Qb3 
35.Bc5 b6 36.Bxb6 Qxb4 37.Be3 Bh6 38.Qf1 Qb3 39.Qd3 Qb4 40.Qf1 Bd5 41.Be2 
Qb2 42.Bf3 Qb3 43.Qf2 Be6 44.Qd2 Bg7 1/2-1/2

[Event "zonal 1.3"]
[Site "Ostersund SWE"]
[Date "1992.??.??"]
[Round "5"]
[White "Hector, Jonny"]
[Black "Yrjola, Jouni"]
[Result "0-1"]
[WhiteElo "2535"]
[BlackElo "2460"]
[EventDate "1992.07.27"]
[PlyCount "142"]

1.e4 c5 2.Nf3 d6 3.d4 cxd4 4.Nxd4 Nf6 5.Nc3 g6 6.Be3 Bg7 7.f3 Nc6 8.Bc4 
O-O 9.Qe2 Bd7 10.O-O-O Na5 11.Bd3 Rc8 12.h4 Rxc3 13.bxc3 Qc7 14.Qe1 d5 15.
e5 Qxe5 16.Nb3 Nc6 17.g4 h5 18.g5 Ne8 19.Bd4 Nxd4 20.cxd4 Qd6 21.Qc3 b6 
22.Rhe1 Nc7 23.Rxe7 Ne6 24.Rxe6 Bxe6 25.Qd2 Rc8 26.c3 a5 27.Kb1 a4 28.Nc1 
b5 29.Ne2 Rb8 30.Qf4 Bf8 31.Qxd6 Bxd6 32.Kc2 b4 33.cxb4 Rxb4 34.Rb1 Rxb1 
35.Kxb1 Kg7 36.Kc2 f6 37.gxf6+ Kxf6 38.Kd2 g5 39.hxg5+ Kxg5 40.Ke3 h4 41.
Nc3 h3 42.Bf1 Kh4 43.Kf2 a3 44.Nb5 Be7 45.Bd3 Bf6 46.Be2 Bd7 47.f4 Bg7 48.
Bd3 Kg4 49.f5 Kf4 50.Kg1 Kg3 51.Kh1 Be8 52.Be2 Bd7 53.Bd3 Bf6 54.Nc3 Bc6 
55.Ne2+ Kf3 56.Kh2 Ke3 57.Ba6 Bd7 58.Kxh3 Bxf5+ 59.Kg2 Be4+ 60.Kf1 Bxd4 
61.Nxd4 Kxd4 62.Ke1 Bb1 63.Kd2 Bxa2 64.Kc2 Kc5 65.Bb7 d4 66.Be4 Kb4 67.Bf5
Bb3+ 68.Kb1 Kc3 69.Ka1 Bc2 70.Bg4 d3 71.Ka2 Kb4 0-1

[Event "zonal 1.3"]
[Site "Ostersund SWE"]
[Date "1992.??.??"]
[Round "5"]
[White "Hoi, Carsten"]
[Black "Manninen, Marko"]
[Result "1-0"]
[WhiteElo "2445"]
[BlackElo "2420"]
[EventDate "1992.07.27"]
[PlyCount "124"]

1.d4 Nf6 2.c4 g6 3.Nc3 Bg7 4.e4 d6 5.f3 O-O 6.Be3 a6 7.Qd2 c6 8.Nge2 b5 9.
g4 Nbd7 10.g5 Nh5 11.Ng3 Nxg3 12.hxg3 Re8 13.O-O-O Qa5 14.Kb1 Rb8 15.g4 
Nf8 16.Rc1 e5 17.d5 c5 18.Ne2 Qxd2 19.Bxd2 Bd7 20.cxb5 Bxb5 21.Nc3 Bxf1 
22.Rhxf1 Nd7 23.Nd1 f6 24.Ne3 Nb6 25.Ba5 Nc8 26.gxf6 Bxf6 27.Nc4 Bd8 28.
Bd2 Bc7 29.Kc2 Nb6 30.Na5 Na4 31.Nc4 Nb6 32.Na5 Na4 33.b3 Bxa5 34.Bxa5 Nb6
35.Kd3 Rb7 36.Rc2 Rf8 37.Ke3 Nd7 38.g5 Rf4 39.Rh1 Rf8 40.Rh3 Rc8 41.Rh1 
Re8 42.Rhc1 Rc8 43.Rc4 Rb5 44.b4 Kf7 45.Rh1 Kg8 46.Rhc1 Kf7 47.a3 Rb7 48.
Rh1 Kg8 49.Rc2 Rf8 50.Rch2 Rf7 51.Rc1 Rf8 52.Rc3 Rc8 53.Rhc2 Rf8 54.Rb3 
Rfb8 55.Rbc3 Rf8 56.Kf2 Re8 57.Kg3 Rf8 58.Rc4 h5 59.gxh6 Kh7 60.bxc5 dxc5 
61.Bd2 Rb3 62.R4c3 Rb6 1-0

[Event "zonal 1.3"]
[Site "Ostersund SWE"]
[Date "1992.??.??"]
[Round "5"]
[White "Olafsson, Helgi"]
[Black "Hellers, Ferdinand"]
[Result "1/2-1/2"]
[WhiteElo "2495"]
[BlackElo "2500"]
[EventDate "1992.07.27"]
[PlyCount "52"]

1.d4 Nf6 2.c4 g6 3.Nc3 d5 4.Bg5 Ne4 5.Bf4 Nxc3 6.bxc3 Bg7 7.e3 c5 8.Nf3 
O-O 9.cxd5 cxd4 10.cxd4 Qxd5 11.Be2 Nc6 12.O-O Bd7 13.Qb1 b6 14.Rc1 Rad8 
15.Qb3 Qa5 16.Rab1 e5 17.Bg5 Rc8 18.d5 e4 19.Ne1 Ne5 20.Be7 Rfe8 21.Bb4 
Qa4 22.f4 exf3 23.gxf3 f5 24.Kf2 Bf8 25.Qxa4 Bxa4 26.a3 Nf7 1/2-1/2

[Event "zonal 1.3"]
[Site "Ostersund SWE"]
[Date "1992.??.??"]
[Round "5"]
[White "Tisdall, Jonathan"]
[Black "Karlsson, Lars"]
[Result "1/2-1/2"]
[WhiteElo "2435"]
[BlackElo "2480"]
[EventDate "1992.07.27"]
[PlyCount "52"]

1.d4 e6 2.e4 d5 3.e5 c5 4.c3 Qb6 5.Nf3 Bd7 6.Be2 Bb5 7.O-O Bxe2 8.Qxe2 Nc6
9.dxc5 Bxc5 10.b4 Be7 11.a3 Qc7 12.c4 dxc4 13.Qxc4 Rc8 14.Qe4 a5 15.b5 Nb8
16.Bf4 Nd7 17.Nbd2 Bc5 18.Nb3 Ne7 19.Rac1 Nd5 20.Bd2 b6 21.Qg4 Kf8 22.Rfe1
h6 23.h4 Qd8 24.a4 h5 25.Qe4 g6 26.Bg5 Qe8 1/2-1/2

[Event "zonal 1.3"]
[Site "Ostersund SWE"]
[Date "1992.??.??"]
[Round "6"]
[White "Arnason, Jon"]
[Black "Agdestein, Simen"]
[Result "0-1"]
[WhiteElo "2525"]
[BlackElo "2620"]
[EventDate "1992.07.27"]
[PlyCount "74"]

1.e4 e5 2.Nc3 Nc6 3.f4 exf4 4.Nf3 g5 5.d4 Bg7 6.d5 Ne5 7.d6 Nxf3+ 8.Qxf3 
Be5 9.h4 Bxd6 10.hxg5 Qxg5 11.Nb5 Qg3+ 12.Qxg3 fxg3 13.Nxd6+ cxd6 14.Bg5 
b6 15.O-O-O Bb7 16.Bc4 Rc8 17.Rd4 Rc5 18.Bd5 Bxd5 19.exd5 f6 20.Bf4 Kf7 
21.Bxd6 Ra5 22.Kb1 Ne7 23.Bxe7 Kxe7 24.c4 Rc5 25.Rh6 b5 26.Re4+ Kd8 27.b3 
bxc4 28.bxc4 f5 29.Reh4 Kc7 30.Kc2 Ra5 31.a4 Rxa4 32.Kb3 Ra1 33.Rh3 f4 34.
Rf6 Rb8+ 35.Kc3 Rc1+ 36.Kd4 Rb4 37.Rxf4 Rcxc4+ 0-1

[Event "zonal 1.3"]
[Site "Ostersund SWE"]
[Date "1992.??.??"]
[Round "6"]
[White "Hjartarson, Johann"]
[Black "Hellers, Ferdinand"]
[Result "1/2-1/2"]
[WhiteElo "2595"]
[BlackElo "2500"]
[EventDate "1992.07.27"]
[PlyCount "58"]

1.d4 Nf6 2.c4 g6 3.Nc3 Bg7 4.e4 d6 5.Nf3 O-O 6.h3 e5 7.d5 Na6 8.Bg5 h6 9.
Be3 Nc5 10.Nd2 a5 11.Be2 Nh7 12.Nb3 Nxb3 13.axb3 Bd7 14.Qd2 h5 15.O-O Bf6 
16.c5 Bg5 17.cxd6 cxd6 18.Nb5 Bxb5 19.Bxb5 Bxe3 20.Qxe3 Nf6 21.Rfc1 h4 22.
Ra4 Rc8 23.Rxc8 Qxc8 24.Qg5 Kg7 25.Rc4 Qd8 26.Qe3 Nh5 27.Rc3 Nf6 28.Rc4 
Nh5 29.Rc3 Nf6 1/2-1/2

[Event "zonal 1.3"]
[Site "Ostersund SWE"]
[Date "1992.??.??"]
[Round "6"]
[White "Karlsson, Lars"]
[Black "Ernst, Thomas"]
[Result "1/2-1/2"]
[WhiteElo "2480"]
[BlackElo "2570"]
[EventDate "1992.07.27"]
[PlyCount "80"]

1.Nf3 c5 2.g3 Nc6 3.c4 e5 4.Nc3 g6 5.Bg2 Bg7 6.O-O d6 7.d3 Nge7 8.Bg5 f6 
9.Be3 O-O 10.a3 a5 11.Ne1 Be6 12.Nc2 Rb8 13.Rb1 b6 14.b4 axb4 15.axb4 Qd7 
16.bxc5 bxc5 17.Rxb8 Rxb8 18.Qa1 Bh3 19.Bxh3 Qxh3 20.Rb1 Rxb1+ 21.Qxb1 Qd7
22.Bd2 Kf7 23.Ne4 f5 24.Nc3 h5 25.Ne1 Nd4 26.Bg5 Bf6 27.Bxf6 Kxf6 28.Qb8 
Kg7 29.e3 Ndc6 30.Qb2 Nd8 31.Nb5 Nf7 32.d4 cxd4 33.exd4 Kf8 34.d5 f4 35.
Qa3 fxg3 36.hxg3 h4 37.Ng2 hxg3 38.Qxg3 Nxd5 39.Qxg6 Ne7 40.Qd3 Qf5 
1/2-1/2

[Event "zonal 1.3"]
[Site "Ostersund SWE"]
[Date "1992.??.??"]
[Round "6"]
[White "Tisdall, Jonathan"]
[Black "Hoi, Carsten"]
[Result "1/2-1/2"]
[WhiteElo "2435"]
[BlackElo "2445"]
[EventDate "1992.07.27"]
[PlyCount "55"]

1.d4 g6 2.e4 Bg7 3.c4 d6 4.Nc3 Nf6 5.Be2 O-O 6.Nf3 c5 7.d5 e6 8.O-O exd5 
9.exd5 Re8 10.h3 Bf5 11.Bd3 Ne4 12.Nxe4 Bxe4 13.Bxe4 Rxe4 14.Qc2 Re8 15.
Bg5 Qd7 16.Rae1 Na6 17.a3 Nc7 18.b4 cxb4 19.axb4 b5 20.Rxe8+ Rxe8 21.Rd1 
Rc8 22.c5 dxc5 23.Qxc5 Na8 24.Qe7 Qxe7 25.Bxe7 Nb6 26.Bc5 Nd7 27.Bxa7 Rc4 
28.Bc5 1/2-1/2

[Event "zonal 1.3"]
[Site "Ostersund SWE"]
[Date "1992.??.??"]
[Round "6"]
[White "Yrjola, Jouni"]
[Black "Gausel, Einar"]
[Result "1/2-1/2"]
[WhiteElo "2460"]
[BlackElo "2485"]
[EventDate "1992.07.27"]
[PlyCount "109"]

1.d4 Nf6 2.c4 e6 3.Nc3 Bb4 4.Qc2 O-O 5.a3 Bxc3+ 6.Qxc3 b6 7.Bg5 c5 8.dxc5 
bxc5 9.e3 Bb7 10.f3 Nc6 11.Nh3 h6 12.Bh4 Rc8 13.O-O-O Ne4 14.Qe1 g5 15.Bg3
Nxg3 16.hxg3 Qa5 17.Qxa5 Nxa5 18.Nf2 Kg7 19.Rxd7 Rfd8 20.Rxd8 Rxd8 21.Kc2 
Ba6 22.Kc3 f5 23.Bd3 Rb8 24.b4 cxb4+ 25.axb4 Nxc4 26.Ra1 Bb5 27.Rxa7+ Kf6 
28.Bxc4 Rc8 29.Nd3 Bxc4 30.Nc5 Bf1 31.Rh7 Bxg2 32.Rxh6+ Kg7 33.Rxe6 Bxf3 
34.Rd6 Kf7 35.Kd4 Rb8 36.Ke5 Rxb4 37.Rf6+ Ke7 38.Rxf5 g4 39.Rh5 Kf7 40.
Rh7+ Kg6 41.Ra7 Rb5 42.Rc7 Rb4 43.e4 Rc4 44.Kd5 Rb4 45.Ra7 Bh1 46.Ra6+ Kf7
47.Ke5 Rc4 48.Ra5 Kg6 49.Kf4 Bf3 50.Ke3 Rc1 51.Nd3 Rc3 52.Kd4 Rb3 53.Rf5 
Bxe4 54.Kxe4 Rxd3 55.Kxd3 1/2-1/2

[Event "zonal 1.3"]
[Site "Ostersund SWE"]
[Date "1992.??.??"]
[Round "7"]
[White "Agdestein, Simen"]
[Black "Hjartarson, Johann"]
[Result "1/2-1/2"]
[WhiteElo "2620"]
[BlackElo "2595"]
[EventDate "1992.07.27"]
[PlyCount "111"]

1.c4 e5 2.Nc3 Nf6 3.Nf3 Nc6 4.e3 Bb4 5.Nd5 e4 6.Ng1 O-O 7.a3 Bd6 8.Ne2 
Nxd5 9.cxd5 Ne5 10.Ng3 f5 11.d3 Nxd3+ 12.Bxd3 exd3 13.Qxd3 Qf6 14.O-O c5 
15.f4 Bc7 16.Rb1 b5 17.b3 Ba6 18.Bb2 b4 19.Qd2 Qf7 20.Rf3 Bb7 21.Rd1 bxa3 
22.Bxa3 d6 23.e4 fxe4 24.Nxe4 Rae8 25.Ng3 Bd8 26.b4 c4 27.b5 Qe7 28.Qc3 
Qc7 29.Qb4 Rf6 30.Bb2 Rf7 31.f5 a6 32.Kh1 axb5 33.Qxb5 Rfe7 34.f6 Re1+ 35.
Rf1 Rxf1+ 36.Rxf1 Rf8 37.fxg7 Rxf1+ 38.Nxf1 Qf7 39.Ne3 Bg5 40.Qb6 h5 41.h4
Bf6 42.Bxf6 Qxf6 43.Qxb7 Qa1+ 44.Kh2 Qe5+ 45.g3 Qxe3 46.Qc8+ Kxg7 47.Qc7+ 
Kg8 48.Qxc4 Qf2+ 49.Kh3 Qf3 50.Qc8+ Kg7 51.Qc7+ Kg8 52.Qb8+ Kf7 53.Qc7+ 
Kg8 54.Qd8+ Kh7 55.Qe7+ Kh8 56.Qe8+ 1/2-1/2